• 首页
  • 本馆介绍
  • 公告通知
  • 最新文献
  • 馆藏检索
  • 电子资源
  • 读者导购
  • 参考咨询
  • 我的图书馆
  • 登录
  • 详细信息显示
  • 放入我的书架
  • 预约/预借图书
  • 作者相关作品
  • 分类相关作品
  • 丛书相关作品
  • 出版社相关作品

书目信息

  • 表格格式
  • 工作单格式
  • 卡片格式
题名:
东方绘画审美论
    
 
作者: 彭修银 , 刘盛楠 著
分册:  
出版信息: 合肥   安徽教育出版社  2022
页数: 347页
开本: 23cm
丛书名:
单 册:
中图分类: J201
科图分类:
主题词: 绘画--艺术美学--研究--中国
电子资源:
ISBN: 978-7-5336-9072-4
000 00850nam0 2200229 450
001 2448690275
005 20240829133147.25
010    @a978-7-5336-9072-4@dCNY58.00
100    @a20230316d2022 em y0chiy0110 ea
101 0  @achi
102    @aCN@b340000
105    @aa z 000yy
200 1  @a东方绘画审美论@9dong fang hui hua shen mei lun@b专著@f彭修银,刘盛楠著
210    @a合肥@c安徽教育出版社@d2022
215    @a347页@d23cm
330    @a本书共17章,内容包括:概述、“逸笔”——中国文人画之写意美学传统、“顿悟”——文人画之体验美学传统、“抒发自我,张扬个性”——文人画之浪漫主义美学传统、浮世绘美人画的审美特征、浮世绘役者绘的审美特征等。
606 0  @a绘画@x艺术美学@x研究@y中国
690    @aJ201@v5
701  0 @a彭修银@9peng xiu yin@4著
701  0 @a刘盛楠@9liu sheng nan@4著
801  2 @aCN@b58marc.cn@c20230403
905    @aZUCC@dJ201@e4
    
    东方绘画审美论/彭修银,刘盛楠著.-合肥:安徽教育出版社,2022
    347页;23cm
    
    
    ISBN 978-7-5336-9072-4:CNY58.00
    本书共17章,内容包括:概述、“逸笔”——中国文人画之写意美学传统、“顿悟”——文人画之体验美学传统、“抒发自我,张扬个性”——文人画之浪漫主义美学传统、浮世绘美人画的审美特征、浮世绘役者绘的审美特征等。
●
相关链接 在五车中查询图书 在当当中查询图书 在豆瓣中查询图书


正题名:东方绘画审美论     索取号:J201/4         预约/预借

序号 登录号 条形码 馆藏地/架位号 状态 备注
1 2001768967   2001768967   第四书库/四24架B面6层4列/ [索取号:J201/4] 在馆    
2 2001768968   2001768968   第四书库/四24架B面6层4列/ [索取号:J201/4] 在馆    
3 2001768969   2001768969   第四书库/四24架B面6层4列/ [索取号:J201/4] 在馆    
4 2001768970   2001768970   第四书库/四24架B面6层4列/ [索取号:J201/4] 在馆    
5 2001768971   2001768971   第四书库/四24架B面6层4列/ [索取号:J201/4] 在馆    
6 2001768972   2001768972   第四书库/四24架B面6层4列/ [索取号:J201/4] 在馆    
山东省滨州职业学院图书馆 欢迎您!
大连网信软件有限公司© 版权所有